00473nam a2200181Ia 4500999001500000003000400015005001700019008004100036020001500077040000900092082002000101100002400121245003800145250001200183260004100195300000900236942004600245 c5847d5847OSt20200129103705.0190216s9999||||xx |||||||||||||| ||und|| a8174935894 coclc a658.8342bNAI/C aNair, Suja R 91470 0aConsumer Behaviour /cSuja R Nair a1st ed. bHimalaya Publishing,c1999.aMumbai: a319p cBK2ddch658.8342iNAI/Ck658.8342mNAI/C